MDQL
is popping MORE tags! Check the
thread
!
Quizzes
Events
Quiz Creation
Community
Videos
Private Events
Remove Ads
Sign In
Join for FREE
Feedback
Dark Mode
Quiz Categories
Sports
Geography
Music
Movies
Television
Just For Fun
Miscellaneous
History
Literature
Language
Science
Gaming
Entertainment
Religion
Holiday
For Kids
Quiz Lab
Recent
Popular Today
Quiz Kudos Today
Editor Picks
Curator Picks
Quizzes by...
Day
Popularity
Type
Ratings
Length
Year
Community
Subscriptions
Recent Discussions
Orange Saloon
Badges
Playlists
Quests
Create
Leaderboards
Showdown
Live 5
Trivia Bingo
Activity
Puzzle Library
Sporcle Events
Private Events
Virtual Trivia
Globe League
Become a Host
Pub Owners
SporcleCon
Opinionation
Our Games
Videos
Blog
Mobile Apps
Partnerships
Remove Ads and Go Orange
Feedback
Sports
Athletes
MLB
NBA
NHL
NFL
Soccer
Sports Teams
WWE
NCAA
Football
Premier League
Basketball
Baseball
Hockey
Golf
Tennis
Cricket
Rugby
Auto Racing
Olympics
World Cup
Sports
Athletes
MLB
NBA
NHL
NFL
Soccer
Sports Teams
WWE
NCAA
Football
Premier League
Basketball
Baseball
Hockey
Golf
Tennis
Cricket
Rugby
Auto Racing
Olympics
World Cup
Random Quiz
Search Sporcle
×
Quiz Lab
Quiz Lab
Sports
San Francisco Giants
Type in answers that appear in a list
Type in answers that appear in a list
Classic
Best Score? Go Orange.
2010 SF Giants Roster Stats
Can you name the 2010 World Champion SF Giants Complete Roster?
By
techn9ne
7m
32 Questions
322 Plays
322 Plays
322 Plays
Comments
Comments
Give Quiz Kudos
Give Quiz Kudos
-
- Ratings
hide this ad
Replay
Link that replays current quiz
Next Quiz
Link to next quiz in quiz playlist
You Got
0%
They Got
Avg Score
63%
Avg Friend Score
Upgrade to see
Score Distribution
Jump to the score distribution portion of the page
Score
0/32
Timer
07:00
0
Plays Today
Position
% Correct
Pitcher
Tim Lincecum
96%
Pitcher
Matt Cain
95.7%
Catcher/
Infielder
Buster Posey
93.8%
Pitcher
Brian Wilson
89.4%
Pitcher
Jonathan Sanchez
88.2%
Infielder/
Outfielder
Aubrey Huff
87.9%
Pitcher
Madison Bumgarner
87.3%
Infielder
Freddy Sanchez
87.3%
Pitcher
Barry Zito
83.2%
Infielder
Pablo Sandoval
82%
Pitcher
Sergio Romo
81.7%
Infielder
Edgar Renteria
75.8%
Outfielder
Andres Torres
75.2%
Outfielder
Cody Ross
74.5%
Infielder
Juan Uribe
73.6%
Outfielder
Pat Burrell
73.6%
Position
% Correct
Pitcher
Javier Lopez
70.5%
Pitcher
Jeremy Affeldt
69.9%
Catcher
Eli Whiteside
67.7%
Pitcher
Santiago Casilla
60.6%
Outfielder
Aaron Rowand
59.3%
Infielder
Travis Ishikawa
55%
Pitcher
Guillermo Mota
50.6%
Pitcher
Ramon Ramirez
49.1%
Outfielder
Nate Schierholtz
47.2%
Infielder
Mike Fontenot
43.8%
Outfielder
Darren Ford
23.6%
Pitcher
Dan Runzler
22.7%
Outfielder
Jose Guillen
21.7%
Pitcher
Chris Ray
17.7%
Outfielder
Mark DeRosa
16.8%
Infielder
Ryan Rohlinger
7.8%
Quiz Playlist
Details
Report
Send in Message
Add To Playlist
Classic:
Type in answers that appear in a list
Last Updated: Feb 16, 2017
Quiz Scoreboard
CHALLENGE
Sign Up to Join the Scoreboard
Show All
Scores
Hide
Comments
May contain spoilers
Recently Published
Colored Red Africa Blitz
by spor1
Geography
30s
Find the 'City' Movie
by crazypaving
Movies
60s
5x2 Blitz: Bands
by SL_Kpop136
Music
30s
More to Explore
Quiz From the Vault
Featured Blog Post
14 Easter Pick-up Lines to Find Eggs With
hide this ad
You Might Also Like...
Tags
San Francisco
San Francisco Giants
Today's Top Quizzes in Sports
Browse Sports
hide this ad
Today's Top Quizzes in San Francisco Giants
Browse San Francisco Giants
Top Contributed Quizzes in Sports
1
Players with Multiple 50 Home Run Seasons
2
Les entraîneurs de l'OM et du PSG au 21e siècle
3
Criteria MLB: Left Handed Sluggers
4
2022 World Cup Stars
5
Les meilleurs buteurs des matchs entre le PSG et l’OM
6
Who Hit More Homers?
7
Les joueurs passés par le PSG et l'OM
8
NBA Logic Puzzle 2.0
9
Top 10 NHL Goal Scorers of All Time
10
MLB Players with Two .350 Batting Average Seasons
Explore More
Trending Topics
Kpop
NBA
Disney
Crossword
Marvel
Harry Potter
Anime
The Office
Country
Pokémon
Soccer
NFL
WWE
Puzzle
Song
hide this ad
More By:
techn9ne
Quiz
Plays
Rating
Category
Featured
Created
2010 SF Giants Roster
322
2.50
Sports
Nov 10, 2010
Go to Creator's Profile
Score Distribution
Quiz Creator Spotlight
techn9ne
Follow
Send a Message
Quizzes Created
-
Created Quiz Play Count
-
More By This Creator
Popular Quizzes Today
1
Find the 'City' Movie
2
Colored Red Africa Blitz
3
Find the US States - No Outlines Minefield
4
5x2 Blitz: Bands
5
The Countries of the World
6
Find the US States
7
US States
8
9x9 Crossword: Cartoon Network
More Sports Quizzes
Order and Avoid: Wimbledon Winners (Women)
Editor's Pick
Trending Quizzes
Colored Red Europe Blitz I
Colored Red Africa Blitz II
Colored Red Europe Blitz II
Colored Red Africa Blitz III
Colored Red Europe Blitz III
Recently Updated
2024 March Madness Bracket
pecheneg
Famous TV Couples
Peacemaker
Champions League XIs: Real Madrid
pecheneg
Largest US Cities 1790-2010
pecheneg
Rides in Walt Disney World
pecheneg
Most Oscar Losses (Acting)
pecheneg
Beyoncé Albums
pecheneg
Leaping Animals
pecheneg
Reality TV Shows (A-Z)
bhenderson79
Rickey Henderson's Hall of Fame Teammates
pecheneg
Trending Topics
NBA
Marvel
Crossword
Harry Potter
Kpop
Anime
Disney
Song
Pokémon
Country
WWE
The Office
Soccer
Puzzle
NFL
Your Account Isn't Verified!
In order to create a playlist on Sporcle, you need to verify the email address you used during registration. Go to your
Sporcle Settings
to finish the process.
Report this User
Report this user for behavior that violates our
Community Guidelines
.
Details:
Send Report
Go to the Sporcle.com Mobile Site →
Comments